Pokémon - La Septième Génération - Statistiques

Statistiques générales
  • Ce quiz a été pris 18 fois
  • Le résultat moyen est 9 sur 20
Statistiques - réponses
Question Réponse % Correct
JEUX - Qui est le Gardien de l’île d'Akala ?
80%
ANIMÉ - En quelle forme le Rocabot de Sacha a-t-il évolué ?
80%
JEUX - Quelle est l'Ultra-Chimère que nous affrontons en combattant l'Ultra-Commando ?
80%
JEUX - Comment s'appelle le village où l'on reçoit son premier Pokémon ? Lili'i
80%
ANIMÉ - Par quel Pokémon Sacha est-il poursuivi dans la forêt dans le premier épisode de la série Soleil & Lune ?
70%
JEUX - Quelle est la couleur de Météno Shiny ?
70%
ANIMÉ - Quel est le surnom du Goupix d'Alola de Lilie ? Flocon
70%
JEUX - Quel est le Pokémon capable d'utiliser la Capacité Z Patati-Patattrape ?
60%
ANIMÉ - Quel Pokémon n'appartient pas à Kiawe ?
50%
CARTES - Quelle forme de Plumeline est représentée dans l'extension "Éclipse Cosmique" ?
40%
ANIMÉ - Qui ne fait pas partie des demi-finalistes lors de la Ligue d'Alola ?
40%
MANGA - Comment Lune récolte des objets et attrape des Pokémon ? Avec un arc
30%
CARTES - Quel carte Objet n'apparait pas dans l'extension "Ombres Ardentes" ? Flûte du Soleil
30%
CARTES - Quelle carte Supporter apparait dans l'extension "Ultra Prisme" ?
20%
CARTES - Quel est le Pokémon possédant l'attaque Vague Faiblissante dans l'extension "Tempête Céleste" ?
20%
MANGA - Quel est le rêve que Soleil tente de réaliser pour son arrière-grand-père ? Créer le Poké Loisir
20%
MANGA - Quel est le nom de code donné à Câblifère par Barbara ? Éclair
20%
MANGA - Quel est le point commun du surnom des Pokémon de Soleil ? L'Argent
20%
CARTES - Combien de PV possède la carte Dedenne GX ? 160 PV
10%
MANGA - Quel est le surnom donné à Lune ? Miss Poison
10%
Aucun quiz correspondant
Distribution des résultats
% des personnes avec chaque résultat
Percentile par nombre de réponses
Votre historique - résultats
Vous n’avez pas pris ce quiz